000 00644nam a2200229Ia 4500
003 OSt
005 20221007063926.0
006 a|||||r|||| 00| 0
007 ta
008 221006b |||||||| |||| 00| 0 eng d
024 _a23,304
037 _cTextual
040 _aFLL
_cFLL
_beng
041 _2eng
_aeng
082 _aZ2:8821v:N2, F3
100 _aGilchrist R.N.
_9119419
245 0 _aSeparation of executive and judicial functions
260 _aCalcutta
_bThe University of Calcutta India
_c1923
300 _aiv,240p
_ccm.
942 _hZ2:8821v:N2, F3
_cTEXL
_2CC
999 _c1132562
_d1132562